000 00359nam a2200133Ia 4500
008 240624s9999 xx 000 0 und d
041 _aeng
082 _a658.155 MAN
100 _aMANGIERO SUSAN M
245 _aRISK MANAGEMENT FOR PENSIONS ENDOWMENTS
260 _c2005
_aNew York
_bJohn Wiley & Sons
300 _axvi, : 268 : p. : cm. ; 23
365 _c
_b27
999 _c20724
_d20724